Spôsob regenerácie derivátov antrachinónu v priebehu syntézy peroxidu vodíka

Bibliographic Details
Corporate Author: Procatalyse (Rueil Malmaison, Francúzsko) (Patent holder)
Other Authors: Le Loarer, Jean-Luc (Originator), Nedez, Christophe (Originator), Taxil, Bernard (Originator)
Format: Book
Language:Slovak
PhysicalDescription:4 s. tab. 30 cm
Published: [Banská Bystrica] Úrad priemyselného vlastníctva Slovenskej republiky [2005]
Subjects:

MARC

LEADER 00000nam a2200000 a 4500
001 vtls001523266
003 SK-MaSNL
005 20260331204035.0
008 251120s2005 xo a j f000 0 slo
013 |a 284340  |b SK  |c patent  |d 20050204  |e dátum nadobudnutia účinkov patentu (Vestník ÚPV SR č.: 2/2005)  |d 20041227  |e dátum sprístupnenia patentu 
013 |a 552-99  |e číslo prihlášky  |d 19971024  |e dátum podania prihlášky  |d 19991210  |e dátum zverejnenia prihlášky (Vestník ÚPV SR č.: 12/1999 ) 
013 |a 96/13028  |e číslo prioritnej prihlášky  |d 19961025  |e dátum podania prioritnej prihlášky  |b FR  |e kód krajiny prioritnej prihlášky 
013 |a PCT/FR97/01909  |e číslo podania medzinárodnej prihlášky podľa PCT 
013 |a WO98/18715  |e číslo zverejnenia medzinárodnej prihlášky podľa PCT 
015 |a SNBN2013 
040 |a SNK  |b slo  |c SNK  |e AACR2 
041 0 |a slo 
044 |a xo  |c SK 
072 7 |a 66  |x Chemický priemysel. Chemická technológia  |2 konspekt 
072 7 |a 661  |x Chemikálie  |2 konspekt 
080 |a 661.491  |2 2001 
080 |a 546.215  |2 2001 
084 |a C01B 15/023  |2 IPC 
100 1 |a Le Loarer, Jean-Luc  |4 org  |9 738962 
245 1 0 |a Spôsob regenerácie derivátov antrachinónu v priebehu syntézy peroxidu vodíka  |c Jean-Luc Le Loarer, Christophe Nedez, Bernard Taxil ; patent. zást. Dagmar Čechvalová 
260 |a [Banská Bystrica]  |b Úrad priemyselného vlastníctva Slovenskej republiky  |c [2005] 
300 |a 4 s.  |b tab.  |c 30 cm 
650 0 7 |a chemická technológia  |2 SNKPH  |9 65015 
650 0 7 |a chemické zlúčeniny  |2 SNKPH  |9 108183 
650 0 7 |a Chemical technology  |2 SNKPHeng  |9 265252 
650 0 7 |a chemical compound  |2 SNKPHeng  |9 738963 
655 7 |a patenty  |2 SNKPH  |9 177343 
655 7 |a patent licenses  |2 SNKPH  |9 303430 
700 |a Nedez, Christophe  |4 org  |9 738964 
700 |a Taxil, Bernard  |4 org  |9 738965 
700 |a Čechvalová, Dagmar  |4 oth  |9 305714 
710 2 |a Procatalyse (Rueil Malmaison, Francúzsko)  |4 pth  |9 738966 
999 |c 1162941  |d 1164871 
952 |a SNK  |b SNK  |y PREZ  |7 0  |p 17A0465471  |o snkSK 284340  |i snk2005/5828  |8 0  |0 0  |1 0  |4 0  |d 2005-04-11  |l 0  |r 2026-02-24 20:39:13  |w 2026-02-24